000
00315nam a2200109 a 4500
008
101216s1996|||| d
245
1
0
_a
Jak předcházet problémum s návykovými látkami na základních a středních školách
020
_c
10
044
_a
CZ
041
_a
cze
260
_a
Praha
_c
1996
_b
Sportpropag
999
_c
14299
_d
14299